[Event "MCR v sachu muzu 2020"]
[Site "Plzen"]
[Date "2020.08.26"]
[Round "4.1"]
[White "Hracek, Zbynek"]
[Black "Navara, David"]
[Result "1/2-1/2"]
[WhiteElo "2563"]
[BlackElo "2719"]
[EventDate "2020.08.23"]

1. c4  e5  2. g3  c6
3. Nf3  e4  4. Nd4
d5  5. cxd5  Qxd5
6. e3  Bc5  7. Nc3
Qe5  8. d3  exd3
9. Qxd3  Nf6  10. Bg2
O-O  11. O-O  Rd8
12. Nf3  Rxd3  13. Nxe5
Rd8  14. b3  Bf5
15. Bb2  Nbd7  16. Na4
Be7  17. Rfd1  Nb6
18. Rxd8+  Rxd8  19. Nxb6
axb6  20. a3  Rd2
21. Nc4  Rc2  22. Rc1
Rxc1+  23. Bxc1  Be6
24. Nd2  Nd7  25. b4
c5  26. Bxb7  cxb4
27. axb4  Bxb4  28. Ba6
Nc5  29. Bb5  Bd7
30. Bxd7  Nxd7  31. Kf1
Nc5  32. Ke2  b5
33. Bb2  Bxd2  34. Kxd2
f5  35. Bd4  Ne4+
36. Ke2  Kf7  37. f3
Ng5  38. h4  Ne6
39. Bc3  h5  40. e4
f4  41. Be5  fxg3
42. Bxg3  b4  43. Ke3
b3  44. Be5  g5
45. hxg5  h4  46. f4  h3
47. g6+  Kg8  48. Kf3
Nxf4  49. Kg3  Nxg6
50. Ba1  Nf4  51. Kh2
Kf7  52. Kg3  Ke6
53. Kh2  Kd6  54. Kg3
Kc5  55. Kh2  Kb4
56. Bb2  Kc4  57. Ba1
Kd3  58. e5  Kc2
59. Bd4  Kd2  60. Ba1
Ke3  61. Kg3  Kd3
62. Kh2  Ke4  63. e6
Nxe6  64. Kxh3  Kd3
65. Kg4  Kc2  66. Kf3
Nc5  67. Ke3  Na4
68. Ke4  Kb1  69. Bg7
Kc2  70. Ba1  Nb6
71. Bg7  Kd2  72. Bh6+
Kd1  73. Bg7  Kc2
74. Bf6  Na4  1/2-1/2

[Event "MCR v sachu muzu 2020"]
[Site "Plzen"]
[Date "2020.08.26"]
[Round "4.3"]
[White "Mica, Marek"]
[Black "Stocek, Jiri"]
[Result "0-1"]
[WhiteElo "2315"]
[BlackElo "2595"]
[EventDate "2020.08.23"]

1. c4  e5  2. Nc3  Bb4
3. e4  c6  4. g3
d6  5. Bg2  f5
6. Nge2  Nf6  7. O-O  O-O
8. d3  a5  9. h3
Na6  10. Be3  Bc5
11. d4  exd4  12. Nxd4
fxe4  13. Nxe4  Nxe4
14. Bxe4  Qe8  15. Bg2
Bd7  16. Nc2  Qg6
17. Qd2  Bf5  18. Bxc5
Nxc5  19. Ne3  Bd3
20. Rfd1  Rf7  21. Kh2
h5  22. h4  Raf8
23. f4  Re7  24. Re1
Rfe8  25. Rad1  Ne4
26. Bxe4  Bxe4  27. Ng2
Re6  28. b3  Qf5
29. Re2  Qg4  30. Rde1
Bxg2  31. Rxe6  Qh3+
32. Kg1  Rxe6  33. Kf2
Be4  34. Qxa5  Qg2+
35. Ke3  Qf3+  0-1

[Event "MCR v sachu muzu 2020"]
[Site "Plzen"]
[Date "2020.08.26"]
[Round "4.6"]
[White "Stalmach, Richard"]
[Black "Michalik, Peter"]
[Result "0-1"]
[WhiteElo "2273"]
[BlackElo "2593"]
[EventDate "2020.08.23"]

1. d4  Nf6  2. c4  e6
3. Nc3  Bb4  4. e3
O-O  5. Bd3  d5
6. Nf3  b6  7. O-O  Ba6
8. Ne5  c5  9. cxd5
Bxd3  10. Nxd3  Bxc3
11. bxc3  c4  12. Nf4
exd5  13. Qc2  Nc6
14. f3  b5  15. e4
dxe4  16. fxe4  Nxd4
17. cxd4  Qxd4+  18. Qf2
Qxa1  19. Bb2  Qxa2
20. Ra1  Qb3  21. Bxf6
gxf6  22. Rf1  Rad8
23. Nh5  Rd1  24. Qf4
Rxf1+  0-1

[Event "MCR v sachu muzu 2020"]
[Site "Plzen"]
[Date "2020.08.26"]
[Round "4.7"]
[White "Zeman, Matyas"]
[Black "Simacek, Pavel"]
[Result "1-0"]
[WhiteElo "2250"]
[BlackElo "2474"]
[EventDate "2020.08.23"]

1. e4  c5  2. Nf3  g6
3. d4  cxd4  4. Qxd4
Nf6  5. Nc3  Nc6
6. Qa4  d6  7. e5
dxe5  8. Nxe5  Qd4
9. Nxc6  Qxa4  10. Nxa4
bxc6  11. b3  e5
12. Bb2  Bb4+  13. c3
Bd6  14. Rd1  Ke7
15. Be2  Be6  16. O-O
Rhd8  17. c4  Rac8
18. Bc1  Nh5  19. Bxh5
gxh5  20. Be3  Rg8
21. Kh1  h4  22. h3
Bb8  23. f3  Rg6
24. Bf2  Rh6  25. Nc5
Bf5  26. Rfe1  f6
27. Rd4  Bd6  28. Rxh4
Rxh4  29. Bxh4  Kf7
30. Ne4  Be7  31. Rd1
Ke6  32. Bf2  Bxe4
33. fxe4  a6  34. g4
h5  35. Kg2  Rg8
36. Kf3  hxg4+  37. hxg4
Rh8  38. Kg3  Rh7
39. Bb6  Bd6  40. c5
Be7  41. b4  Rh8
42. a3  Rh7  43. Bd8
Bf8  44. Rf1  Bg7
45. g5  fxg5  46. Bxg5
Rh5  47. Kg4  Rh2
48. Rd1  Rg2+  49. Kh4
Bf8  50. Rd8  Rxg5
51. Rxf8  Rg1  52. Rd8
Ke7  53. Rd6  Ra1
54. Rxc6  Rxa3  55. Kg4
Ra4  56. Kf5  Rxb4
57. Rxa6  Rb5  58. Rc6
Kd7  59. Rd6+  Kc7
60. Rd5  Kc6  61. Kxe5
Rb8  62. Kf6  Re8
63. Rd6+  Kxc5  64. e5
Rh8  65. Rd1  Rh6+
66. Kg5  Rh2  67. e6
Rg2+  68. Kf6  Rf2+
69. Ke7  Kc6  70. Ke8
Kc7  71. e7  Rf4
72. Rc1+  Kb7  73. Kd7
Rd4+  74. Ke8  Rf4
75. Rc3  Kb6  76. Kd7
Rd4+  77. Ke6  Re4+
78. Kd6  Re1  79. Rc8
Rd1+  80. Ke6  Re1+
81. Kf6  1-0

[Event "MCR v sachu muzu 2020"]
[Site "Plzen"]
[Date "2020.08.26"]
[Round "4.8"]
[White "Malinovsky, Karel"]
[Black "Freisler, Pavel"]
[Result "1/2-1/2"]
[WhiteElo "2474"]
[BlackElo "2249"]
[EventDate "2020.08.23"]

1. e4  Nf6  2. e5  Nd5
3. d4  d6  4. Nf3
dxe5  5. Nxe5  c6
6. Be2  Bf5  7. O-O
Nd7  8. Nf3  e6
9. c4  N5f6  10. Nc3  Bd6
11. Nh4  Bg6  12. g3
O-O  13. Be3  Re8
14. Bf3  e5  15. d5
c5  16. Nxg6  hxg6
17. Nb5  Bb8  18. Bg4
Nxg4  19. Qxg4  a6
20. Nc3  Bd6  21. Rae1
Nf6  22. Qh4  Qd7
23. Kg2  Qf5  24. Bg5
Nh7  25. Bc1  Nf6
26. Ne4  Nxe4  27. Qxe4
b5  28. b3  Rab8
29. Ba3  b4  30. Bb2
a5  31. Re2  Qxe4+
32. Rxe4  f5  33. Re2
Rb7  34. Rfe1  Rbe7
35. f3  Kf7  36. h4
Bc7  37. Ba1  Bd6
38. Bb2  Bc7  39. a3
bxa3  40. Bxa3  Bd6
41. Bb2  Rb8  42. Bxe5
Bxe5  43. Rxe5  Rxe5
44. Rxe5  Rxb3  45. d6
Rb2+  46. Kh3  Rd2
47. Rxc5  Rxd6  48. Rxa5
Rd3  49. f4  Rc3
50. c5  Rc2  51. Ra7+
Kf6  52. Ra6+  Kf7
53. c6  Kf6  54. c7+
Kf7  55. Ra7  Kf6
56. Rb7  Ke6  57. h5
gxh5  58. Kh4  Kf6
59. Rb6+  Kf7  60. Kxh5
Rxc7  1/2-1/2

[Event "MCR v sachu muzu 2020"]
[Site "Plzen"]
[Date "2020.08.26"]
[Round "4.10"]
[White "Sorm, Daniel"]
[Black "Novotny, Michal"]
[Result "1-0"]
[WhiteElo "2343"]
[BlackElo "2246"]
[EventDate "2020.08.23"]

1. d4  d5 2. c4  e6  3. Nc3
Nf6  4. cxd5  exd5
5. Bg5  c6  6. e3
h6  7. Bh4  Be6
8. Bd3  Nbd7  9. f4  g5
10. Bg3  gxf4  11. exf4
Bg4  12. Nf3  Qb6
13. Qe2+  Kd8  14. f5
Bb4  15. O-O  Re8
16. Na4  Qa5  17. Qc2
Bxf3  18. Rxf3  Ne4
19. a3  Bd6  20. Bxd6
Nxd6  21. Nc5  Nf6
22. Qf2  Kc8  23. Qh4
Qd8  24. Qxh6  b6
25. Ba6+  Kc7  26. Nd3
Re4  27. Rc1  Rxd4
28. Ne5  c5  29. Qe3
Nc4  30. Nxc4  Re4
31. Qf2  dxc4  32. Bxc4
Qe7  33. h3  Rd8
34. Qg3+  Kb7  35. Rd3
Rxd3  36. Qxd3  Re3
37. Ba6+  Kc7  38. Qd2
Re5  39. Qf4  Qd6
40. Rf1  Nd5  41. Qf3
Re3  42. Qf2  Re5
43. Rd1  Qf6  44. g4
Qc6  45. Qg3  f6
46. Re1  Qd6  47. Rxe5
fxe5  48. Bf1  Nf4
49. Qe3  Qf6  50. Qe4
Kd6  51. Bg2  Ke7
52. h4  Nxg2  53. Kxg2
Qd6  54. Kg3  Kf8
55. g5  Qd1  56. Qa8+
Kf7  57. Qxa7+  Kf8
58. Qb8+  Kf7  59. g6+
1-0

[Event "MCR v sachu muzu 2020"]
[Site "Plzen"]
[Date "2020.08.26"]
[Round "4.12"]
[White "Hurdzan, Tomas"]
[Black "Nemec, Pavel"]
[Result "1/2-1/2"]
[WhiteElo "2325"]
[BlackElo "2243"]
[EventDate "2020.08.23"]

1. e4  c5  2. Nf3  e6
3. d4  cxd4  4. Nxd4
Nf6  5. Nc3  Nc6
6. Ndb5  Bc5  7. Bf4
O-O  8. Bc7  Qe7
9. Bd6  Bxd6  10. Qxd6
Ne8  11. Qxe7  Nxe7
12. O-O-O  f5  13. f3
fxe4  14. Nxe4  d5
15. Ned6  Nxd6  16. Nxd6
Nf5  17. Nxf5  Rxf5
18. Bd3  Rf4  19. Rdf1
Bd7  20. g3  Rf6
21. f4  Rc8  22. Kd2
Rc6  23. b3  Rc7
24. a4  Be8  25. g4
Rcf7  26. Ke3  d4+
27. Kxd4  Rxf4+  28. Rxf4
Rxf4+  29. Ke5  Rxg4
30. Kxe6  Bf7+  31. Ke7
Rf4  32. Rf1  Rxf1
33. Bxf1  Bd5  34. b4
a6  35. c4  Bf3
36. Bh3  g5  37. Be6+  Kg7
38. Bd5  g4  39. Bf7
Bg2  40. Bd5  Bf3
41. Bf7  Bd1  42. Be8
h5  43. Bxh5  g3
44. hxg3  Bxh5  45. b5
axb5  46. cxb5  Bd1
47. a5  Be2  48. a6
bxa6  49. bxa6  Bxa6
1/2-1/2

[Event "MCR v sachu muzu 2020"]
[Site "Plzen"]
[Date "2020.08.26"]
[Round "4.15"]
[White "Paseka, Matyas"]
[Black "Klement, Lukas"]
[Result "1-0"]
[WhiteElo "1959"]
[BlackElo "2260"]
[EventDate "2020.08.23"]

1. e4  e6  2. d4  d5
3. Nd2  Nc6  4. Ngf3
Nf6  5. Bd3  Nb4
6. O-O  Nxd3  7. cxd3
Be7  8. Re1  O-O
9. Nf1  b6  10. Bg5
h6  11. Bh4  Bb7
12. e5  Nd7  13. Bxe7
Qxe7  14. Rc1  c5
15. dxc5  bxc5  16. d4
Rfc8  17. Ne3  a5
18. dxc5  Nxc5  19. Qd4
Ba6  20. Rc3  Rc7
21. Rec1  Rac8  22. Nd2
Nd3  23. R1c2  Nb4
24. Rxc7  Rxc7  25. Rxc7
Qxc7  26. Nb3  Nxa2
27. Qa4  Nc1  28. Qxa5
Qxa5  29. Nxa5  Nd3
30. Nc6  Nxb2  31. Nc2
Kf8  32. f4  Bd3
33. N2d4  Ke8  34. Kf2
Nc4  35. g3  Kd7
36. Nb4  Bb1  37. Ke2
f6  38. Nbc6  Bg6
39. Kf3  Be8  40. Ke2
Bh5+  41. Kd3  Bg4
42. Nb8+  Kc7  43. Na6+
Kd8  44. Nc6+  Ke8
45. Nc5  Bf5+  46. Ke2
fxe5  47. fxe5  Bg4+
48. Kd3  Kf7  49. Nd8+
Ke7  50. Nc6+  Ke8
51. h4  Bf5+  52. Ke2
Kf8  53. Kf3  Nd2+
54. Kf4  h5  55. Nd4
Ne4  56. Ncxe6+  Bxe6
57. Nxe6+  Kf7  58. Nc7
Nc3  59. e6+  Kf6
60. Ne8+  Kxe6  61. Nxg7+
Kd6  62. Nxh5  d4
63. Kf3  Ke5  64. Nf4
Nd1  65. Nd3+  Kd5
66. h5  Ke6  67. Kf4
Ne3  68. g4  Nd5+
69. Kg5  Ne3  70. h6
Kf7  71. Ne5+  Kf8
72. Kg6  Nxg4  73. Nxg4
Kg8  74. h7+  Kh8
75. Nh6  1-0

[Event "MCR v sachu muzu 2020"]
[Site "Plzen"]
[Date "2020.08.26"]
[Round "4.16"]
[White "Toman, Ondrej"]
[Black "Babula, Vlastimil"]
[Result "0-1"]
[WhiteElo "2233"]
[BlackElo "2571"]
[EventDate "2020.08.23"]

1. d4  Nf6  2. Bf4  b6
3. e3  Bb7  4. Nf3
e6  5. Bd3  g6
6. Nbd2  Bg7  7. e4  O-O
8. Qe2  Nh5  9. Be3
f5  10. Bg5  Qe8
11. Nb3  c5  12. e5
Nc6  13. dxc5  Qb8
14. O-O-O  Nxe5  15. Nxe5
Bxe5  16. Kb1  Bf4
17. Be7  Rf7  18. Bd6
Bxd6  19. cxd6  Qxd6
20. Bxf5  Qf8  21. Be4
Rxf2  22. Qe3  Bxe4
23. Qxe4  Nf6  24. Qd3
Rc8  25. Rhf1  Nd5
26. c3  Qf6  27. Nd4
Ne3  28. Rxf2  Qxf2
29. Rc1  Nc4  30. Qe2
Qxe2  31. Nxe2  Rf8
32. Ng3  Ne3  33. c4
Rf2  34. c5  Rxg2
35. b4  Nd5  36. b5
bxc5  37. Rxc5  Rxh2
38. a4  h5  39. a5
h4  40. Ne4  Re2
41. b6  axb6  42. Rc8+
Kg7  0-1

[Event "MCR v sachu muzu 2020"]
[Site "Plzen"]
[Date "2020.08.26"]
[Round "4.19"]
[White "Mladek, Richard"]
[Black "Nemec, Jachym"]
[Result "1/2-1/2"]
[WhiteElo "2280"]
[BlackElo "2150"]
[EventDate "2020.08.23"]

1. e4  c5  2. Nf3  Nc6
3. d4  cxd4  4. Nxd4
Nf6  5. Nc3  e5
6. Ndb5  d6  7. Bg5  a6
8. Na3  b5  9. Nd5
Be7  10. Bxf6  Bxf6
11. c4  b4  12. Nc2
O-O  13. g3  a5
14. Bg2  Be6  15. O-O  Bg5
16. Qd3  Qb8  17. f4 Bd8 18.
Rad1  Bxd5  19. cxd5  Bb6+
20. Kh1  Nd4  21. Ne3
Ra7  22. Nc4  Bc5
23. Rc1  b3  24. a4
Bb4  25. Bf3  f6
26. Bd1  Rb7  27. Rb1
Qe8  28. fxe5  fxe5
29. Bg4  Rbf7  30. Kg2
Rxf1  31. Rxf1  Rxf1
32. Qxf1  Qxa4  33. Ne3
Qe8  34. Qa6  h5
35. Bh3  Qf7  36. Qc8+
Kh7  37. Nf5  Bc5
38. Nxd4  Bxd4  39. Be6
Qf2+  40. Kh3  g6
41. Bf5  gxf5  42. Qd7+
Kg8  1/2-1/2

[Event "MCR v sachu muzu 2020"]
[Site "Plzen"]
[Date "2020.08.26"]
[Round "4.25"]
[White "Nagy, Ladislav"]
[Black "Riha, Vojtech"]
[Result "1/2-1/2"]
[WhiteElo "2150"]
[BlackElo "2270"]
[EventDate "2020.08.23"]

1. e4  e6  2. d3  d5
3. Nd2  Nf6  4. Ngf3
b6  5. g3  c5
6. Bg2  Nc6  7. O-O  Be7
8. Re1  Qc7  9. e5
Nd7  10. c4  d4
11. Ne4  Bb7  12. Bf4  h6
13. h4  Rb8  14. a3
O-O  15. Nf6+  gxf6
16. exf6  Bd6  17. Nxd4
Nxf6  18. Nb5  Bxf4
19. Nxc7  Bxc7  20. Bxc6
Bxc6  21. d4 cxd4  22. Qxd4
Kg7  23. Qc3  Rbd8
24. Rad1  e5  25. f3
Rfe8  26. Rxd8  Rxd8
27. Kf1  Rd4  28. Ke2
b5  29. b3  bxc4
30. bxc4  a6  31. Rb1
Nd7  32. Rd1  Bb6
33. Rxd4  exd4  34. Qb4
Bc5  35. Qa5  d3+
36. Kxd3  Bxf3  37. Qxa6
Bg4  38. Qa5  Be6
39. Qc3+  f6  40. Qa5
Ne5+  41. Kc2  Bf2
42. Qd2  Bc5  43. Qa5
Bf2  44. Qd2  Bc5
1/2-1/2

[Event "MCR v sachu muzu 2020"]
[Site "Plzen"]
[Date "2020.08.26"]
[Round "4.33"]
[White "Jezek, Jan"]
[Black "Malinovsky, Petr"]
[Result "1/2-1/2"]
[WhiteElo "2162"]
[BlackElo "2081"]
[EventDate "2020.08.23"]

1. e4  c5  2. c3  g6
3. Nf3  Bg7  4. d3
d5  5. Nbd2  d4
6. cxd4  cxd4  7. b4  e5
8. Be2  b5  9. O-O
Ne7  10. a4  Bd7
11. Qc2  a6  12. axb5
Bxb5  13. Nc4  Nbc6
14. Bd2  O-O  15. Rfc1
h6  16. Bd1  Kh7
17. Na3  Qb6  18. Nxb5
Qxb5  19. Qb1  Rfb8
20. Ba4  Qb6  21. Qa2
Nxb4  22. Qxf7  Qf6
23. Qc4  a5  24. h4
Rc8  25. Qb3  Rcb8
26. Rab1  Nec6  27. Qc4
Rc8  28. Qb3  Rab8
29. Bxc6  Rxc6  30. Rxc6
Nxc6  31. Qa2  Rxb1+
32. Qxb1  Nb4  33. Bxb4
Qb6  34. Qb3  axb4
35. Nd2  Qa5  36. Kf1
Qa1+  37. Ke2  Qc3
38. Qf7  h5  39. g3
Qc8  40. Nf3  Qc2+
41. Nd2  Qc8  42. Nf3
1/2-1/2